| 000 | 00721cam a2200217 i 4500 | ||
|---|---|---|---|
| 005 | 20251108173017.0 | ||
| 008 | 250721s2009 jo gr 000 0 ara d | ||
| 020 | _a995742223 | ||
| 082 | 1 | 4 |
_a030 _bو ا د |
| 100 | 1 |
_aالوادي، احمد _eمؤلف. |
|
| 245 | 1 | 2 |
_aالموسوعة العلمية في سؤال وجواب / _cتأليف أحمد الوادي. |
| 250 | _aالطبعة الأولى. | ||
| 264 | 1 |
_aعمان : _bدار عالم الثقافة للنشر و التوزيع، _c2009. |
|
| 300 | _a236 صفحة. | ||
| 650 | 1 | 7 | _aالموسوعات. |
| 650 | 1 | 7 | _aالثقافة. |
| 650 | 1 | 7 | _aالعلوم. |
| 650 | 1 | 7 | _aالمعارف. |
| 942 |
_2ddc _cBK |
||
| 999 |
_c93980 _d93980 |
||